000 00571nam a22002177a 4500
003 UA-OsUOA
001 38208
007 ta
008 20060428b un ||||| |||| 00| 0 ukr d
100 _aГончаренко Валерій
090 _a32
_bГ11
942 _cSA
040 _aUA-OsUOA
_bukr
_cUA-OsUOA
_dUA-OsUOA
245 _aАнтиукраїнські "зоряні війни"
300 _a4-5 с.
955 _a0
041 _aukr
080 _a32
773 0 _w38207
_tУкраїна- business
_dК.
_d2006
_g16
650 7 _a32 Політика
_2UDC
999 _c324375
_d324375